Datum a čas kvízu
15.5
Celkem bodů
Celkový počet nahraných bodů na tomto kvízu bez doplňovacích otázek.
3.
Pořadí na kvízu
Konečné umístění týmu na tomto kvízu.
Zaznamenané odpovědi
| # | Otázka | Odpověď | Body | Výsledky |
|---|---|---|---|---|
| 1. | V pondělí se v pražské Kramářo... | bývalí premiéři ČR (s doprovodem) | 0 | |
| 2. | Vláda jednoho ostrovního státu... | o Japonsku | 0 | |
| 3. | Kterému českému umělci některá... | Vítu Starému | 0 | |
| 4. | Členové volební komise dostano... | A | 0 | |
| 5. | Uveďte konečné skóre finálovéh... | 3:2 (po prodloužení) | 1 | |
| 6. | Podíváme se na pět kandidátů,... | C | 0 | |
| 7. | Ve které velké evropské zemi b... | ve Francii | 1 | |
| 8. | Které tvrzení o Marku Hilšerov... | B | 0 | |
| 9. | Které brněnské univerzitě šéfo... | Mendelově univerzitě | 0 | |
| 10. | Petr Pavel zastával v letech 2... | předseda vojenského výboru | 0 |